Ozbrojené konflikty a zodpovednosť za porušenie práva

Klasifikácia ozbrojených konfliktov. Vnútroštátne ozbrojené konflikty. Zmedzinárodnené ozbrojené konflikty. Konflikty s cudzou intervenciou. Legálnosť intervencie. Ďalšie typy ozbrojených konfliktov. Medzinárodná zodpovednosť bojujúcich štátov.

Salvato in:
Dettagli Bibliografici
Autore principale: Mráz, Stanislav
Natura: Capitolo di libro
Lingua:slovacco
Soggetti:
Tags: Aggiungi Tag
Nessun Tag, puoi essere il primo ad aggiungerne!!

MARC

LEADER 00000naa$a2200000$$$4500
001 0254266
005 20240502074049.4
041 0 |a slo 
044 |a SK 
245 1 0 |a Ozbrojené konflikty a zodpovednosť za porušenie práva  |c Stanislav Mráz 
520 |a Klasifikácia ozbrojených konfliktov. Vnútroštátne ozbrojené konflikty. Zmedzinárodnené ozbrojené konflikty. Konflikty s cudzou intervenciou. Legálnosť intervencie. Ďalšie typy ozbrojených konfliktov. Medzinárodná zodpovednosť bojujúcich štátov. 
610 2 0 |a konflikty 
610 2 0 |a konflikty medzinárodné 
610 2 0 |a vojny 
610 2 0 |a terorizmus 
610 2 0 |a intervencie 
610 2 0 |a právo humanitárne medzinárodné 
610 2 0 |a zodpovednosť 
100 1 |a Mráz, Stanislav